000 00328nam a2200133 4500
005 20260530115258.0
100 1 _aRussell L. Ackoff
_930783
245 1 0 _aRediseƱando el Futuro
264 1 _bLimisa
_c1979
300 _a332 pƔginas
336 _atexto
_2rdacontent
337 _asin medio
_2rdamedia
338 _avolumen
_2rdacarrier
999 _c12707
_d12707